000 005100000a22001690004500
041 0 _aSPA
082 0 4 _aG 261 H8481n
100 1 _aHoward, Jorge P.
245 1 0 _aNuestra civilización apóstata : Diágnosis de la enfermedad espiritual de nuestro siglo / Jorge P. Howard
260 _aSantiago de Chile, Chile : Imprenta Universitaria
300 _a125 Pag
001 6729
942 _cBK
999 _c36995
_d36995
336 _atexto
_btxt
_2rdacontent
337 _2rdamedia
_asin mediación
_bn
338 _2rdacarrier
_avolumen
_bnc